000 00369pab a2200145 454500
008 180718b2012 xxu||||| |||| 00| 0 eng d
245 _aAn international trojan horse? Need for review of UAPA Bill 2011
260 _c2012
300 _ap.19-21.
362 _a10 Mar
650 _aTerrorism
773 _aEconomic and Political Weekly
908 _aN
909 _a95276
999 _c95276
_d95276